<?xml version="1.0" encoding="UTF-8"?>
<collection xmlns="http://www.loc.gov/MARC21/slim">
  <record>
    <leader>00000nam  2200000   4500</leader>
    <controlfield tag="001">INLIS000000000018967</controlfield>
    <controlfield tag="005">20250121110232</controlfield>
    <datafield tag="035" ind1="#" ind2="#">
      <subfield code="a">0010-0125000111</subfield>
    </datafield>
    <controlfield tag="007">ta</controlfield>
    <controlfield tag="008">250121################g##########0#ind##</controlfield>
    <datafield tag="020" ind1="#" ind2="#">
      <subfield code="a">978-979-062-591-4</subfield>
    </datafield>
    <datafield tag="082" ind1="#" ind2="#">
      <subfield code="a">658</subfield>
    </datafield>
    <datafield tag="084" ind1="#" ind2="#">
      <subfield code="a">658 BUR a</subfield>
    </datafield>
    <datafield tag="100" ind1=" " ind2="#">
      <subfield code="a">Burtonshaw Gunn, Somon A.</subfield>
    </datafield>
    <datafield tag="245" ind1="1" ind2="#">
      <subfield code="a">Alat dan Teknik Analisis Manajemen :</subfield>
      <subfield code="b">alat, model dan catatan bagi para manajer dan konsultan /</subfield>
      <subfield code="c">Somon A. Burtonshaw-Gunn</subfield>
    </datafield>
    <datafield tag="260" ind1="#" ind2="#">
      <subfield code="a">Jakarta :</subfield>
      <subfield code="b">Indeks,</subfield>
      <subfield code="c">2019</subfield>
    </datafield>
    <datafield tag="300" ind1="#" ind2="#">
      <subfield code="a">xv, 355 hlm. ;</subfield>
      <subfield code="c">3.7 MB</subfield>
    </datafield>
    <datafield tag="650" ind1="#" ind2="4">
      <subfield code="a">Analisis Manajemen</subfield>
    </datafield>
    <datafield tag="520" ind1="#" ind2="#">
      <subfield code="a">“…konsep kunci buku ini unik dan disajikan secara baik jika dibandingkan dengan buku sejenis yang ada di pasar. The London School of Marketing dengan senang hati memasukkan buku ini ke dalam daftar bacaan penting sebagai sumber bacaan lebih lanjut yang lebih baik di Chartered Institute of Marketing Professional Diploma, Chartered Institute of Marketing Professional Postgraduate Diploma, dan Diploma in Management Consultancy.”&#13;
&#13;
Anton Dominique, Strategy &amp; Marketing Director, London School of Marketing.&#13;
&#13;
“Buku ini merupakan panduan sederhana untuk menggunakan alat manajemen yang nyata. Panduan ini memberi pembaca senjata menyeluruh berupa alat diagnostik praktis dan memperlihatkan kepada Anda cara menggunakannya secara efektif. Penggunaan buku ini sebagai tongkat pemandu akan membuat Anda mampu merancang pendekatan profesional yang sistemik sehingga secara kritis mampu menganalisis dan membahas isu manajemen bercakupan luas. Buku ini wajib bagi semua konsultan dan perancang strategi bisnis yang bertekad kuat mencapai hasil karena buku ini mengurai makna alat analisis dan cara menggunakannya dalam konteks bisnis.&#13;
&#13;
Nick Beech, Director of Programmes, European Centre of Corporate Governance, &#13;
Liverpool John Moores University, UK&#13;
&#13;
“Buku ini telah dimasukkan oleh the Institute of Business Consulting (IBC) ke dalam daftar bacaan yang disarankan untuk dua kualifikasi profesional: the Certificate in Management Consulting Essentials dan the Diploma in Management Consultancy.”&#13;
 &#13;
Sabrina Ahmed, Professional Standards Manager, Institute of Business Consulting, London&#13;
&#13;
“Buku ini masuk ke daftar bacaan untuk kuliah Consultancy Certificate and Diploma karena Professor Simon Burtonshaw-Gunn telah memadukan kumpulan alat analisis dan model yang bernilai bagi konsultan praktisi.”&#13;
&#13;
Philip Albon, Managing Director, Techniques for Change Ltd.&#13;
&#13;
“Bagi kami buku ini berharga karena merupakan sumber tunggal alat dan pendekatan yang dapat dibahas di dalam tim konsultansi atau dengan klien untuk mengatasi situasi khusus mereka. Bagian yang bermanfaat di antaranya Manajemen Perubahan, Perancangan Organisasi, atau Manajemen Kinerja. Sebagai konsultan praktisi, bagian mengenai Penyelesaian Masalah, Pemberian Fasilitas Workshop, Pelaksanaan Riset, dan Bekerja sebagai Konsultan memberikan pedoman yang jelas yang dapat kami ulangi terus-menerus. Bagi orang yang memerlukan lebih banyak informasi, model-model yang digunakan diberi acuan yang dengan mudah memandu pembaca ke sumber asli – unsur vital kecakapan konsultan.”</subfield>
    </datafield>
    <datafield tag="856" ind1="#" ind2="#">
      <subfield code="a">https://web-ipustakalan.moco.co.id/book/fb99f419-1862-4bea-b69e-98353638bb78</subfield>
    </datafield>
    <datafield tag="990" ind1="#" ind2="#">
      <subfield code="a">2024/4/A/0023</subfield>
    </datafield>
    <datafield tag="990" ind1="#" ind2="#">
      <subfield code="a">2024/4/A/0024</subfield>
    </datafield>
  </record>
</collection>
